<?xml version="1.0" encoding="UTF-8"?>
<record
    xmlns:xsi="http://www.w3.org/2001/XMLSchema-instance"
    xsi:schemaLocation="http://www.loc.gov/MARC21/slim http://www.loc.gov/standards/marcxml/schema/MARC21slim.xsd"
    xmlns="http://www.loc.gov/MARC21/slim">

  <leader>01734nam a2200277 i 4500</leader>
  <controlfield tag="001">bg</controlfield>
  <datafield tag="245" ind1="0" ind2="0">
    <subfield code="a">Problemy projektowania oraz optymalizacja rozwi&#x105;za&#x144; materia&#x142;owych i technologii wykonywania obiekt&#xF3;w w aspekcie trwa&#x142;o&#x15B;ci i ochrony przed korozj&#x105; :</subfield>
    <subfield code="b">posadzki przemys&#x142;owe - problematyka jako&#x15B;ci beton&#xF3;w i zabezpiecze&#x144; konstrukcji betonowych w oczyszczalniach &#x15B;ciek&#xF3;w oraz na sk&#x142;adowiskach odpad&#xF3;w przemys&#x142;owych i rolniczych : XI Konferencja OKTRA '99, Polanica Zdr&#xF3;j 6-9 wrze&#x15B;nia 1999 r.</subfield>
  </datafield>
  <datafield tag="246" ind1="1" ind2="1">
    <subfield code="a">Problems of design, optimization of material solution and engineering of building objects in aspect of durability and corrosion resistance</subfield>
  </datafield>
  <datafield tag="260" ind1=" " ind2=" ">
    <subfield code="a">Wroc&#x142;aw :</subfield>
    <subfield code="b">Oficyna Wydawnicza PW,</subfield>
    <subfield code="c">1999.</subfield>
  </datafield>
  <datafield tag="300" ind1=" " ind2=" ">
    <subfield code="a">234 s. :</subfield>
    <subfield code="b">il. ;</subfield>
    <subfield code="c">24 cm.</subfield>
  </datafield>
  <datafield tag="490" ind1="1" ind2=" ">
    <subfield code="a">Prace Naukowe Instytutu Budownictwa Politechniki Wroc&#x142;awskiej. Konferencje =</subfield>
    <subfield code="a">Scientific Papers of the Institute of Building Engineering of the Wroc&#x142;aw University of Technology. Conferences,</subfield>
    <subfield code="x">0324-9883 ;</subfield>
    <subfield code="v">25</subfield>
  </datafield>
  <datafield tag="500" ind1=" " ind2=" ">
    <subfield code="a">Tyt. r&#xF3;wnol.: Problems of design, optimization of material solution and engineering of building objects in aspect of durability and corrosion resistance. - Tyt. grzbiet.: OKTRA '99. - Nr serii g&#x142;.: 74.</subfield>
  </datafield>
  <datafield tag="500" ind1=" " ind2=" ">
    <subfield code="a">Streszcz. ang. przy ref.</subfield>
  </datafield>
  <datafield tag="504" ind1=" " ind2=" ">
    <subfield code="a">Bibliogr. przy ref.</subfield>
  </datafield>
  <datafield tag="650" ind1=" " ind2="9">
    <subfield code="a">Beton</subfield>
    <subfield code="x">stosowanie</subfield>
  </datafield>
  <datafield tag="650" ind1=" " ind2="9">
    <subfield code="a">Korozja i erozja</subfield>
  </datafield>
  <datafield tag="650" ind1=" " ind2="9">
    <subfield code="a">Oczyszczalnia &#x15B;ciek&#xF3;w</subfield>
    <subfield code="x">materia&#x142;y</subfield>
  </datafield>
  <datafield tag="650" ind1=" " ind2="9">
    <subfield code="a">Pod&#x142;oga</subfield>
    <subfield code="x">materia&#x142;y</subfield>
  </datafield>
  <datafield tag="655" ind1=" " ind2=" ">
    <subfield code="a">Materia&#x142;y konferencyjne</subfield>
  </datafield>
  <datafield tag="830" ind1=" " ind2="0">
    <subfield code="a">Prace Naukowe Instytutu Budownictwa Politechniki Wroc&#x142;awskiej.</subfield>
    <subfield code="p">Konferencje ;</subfield>
    <subfield code="v">25</subfield>
  </datafield>
  <datafield tag="040" ind1=" " ind2=" ">
    <subfield code="c">BPK</subfield>
  </datafield>
  <datafield tag="041" ind1="0" ind2=" ">
    <subfield code="a">pl</subfield>
    <subfield code="b">en</subfield>
  </datafield>
  <datafield tag="080" ind1=" " ind2=" ">
    <subfield code="a">69::725.4:691:692.5:628.32:620.193](061)</subfield>
  </datafield>
  <datafield tag="942" ind1=" " ind2=" ">
    <subfield code="c">KS</subfield>
  </datafield>
  <controlfield tag="008">      s        pl     f     |000 0 pol  </controlfield>
  <datafield tag="999" ind1=" " ind2=" ">
    <subfield code="c">38885</subfield>
    <subfield code="d">38885</subfield>
  </datafield>
  <datafield tag="952" ind1=" " ind2=" ">
    <subfield code="0">0</subfield>
    <subfield code="1">0</subfield>
    <subfield code="4">0</subfield>
    <subfield code="7">0</subfield>
    <subfield code="a">BPK</subfield>
    <subfield code="b">BPK</subfield>
    <subfield code="c">w</subfield>
    <subfield code="o">57274</subfield>
    <subfield code="p">01536416</subfield>
    <subfield code="y">KS</subfield>
  </datafield>
</record>
